Landen die meedoen aan WK 2026 - Statistieken

Algemene statistieken
  • Deze quiz is 17 keer genomen
    16 sinds de laatste reset
  • De gemiddelde score is 34 van 48
Antwoordstatistieken
Antwoord % Correct
Mexico
100%
Nederland
100%
Argentinie
91%
Belgie
91%
Canada
91%
Colombia
91%
Ecuador
91%
Egypte
91%
Frankrijk
91%
Iran
91%
Japan
91%
Spanje
91%
Verenigde Staten
91%
Zweden
91%
Brazilie
82%
Engeland
82%
Marokko
82%
Noorwegen
82%
Portugal
82%
Uruguay
82%
Australie
73%
Curacao
73%
Duitsland
73%
Ghana
73%
Irak
73%
Nieuw-Zeeland
73%
Tunesie
73%
Bosnie
64%
Congo
64%
Kaapverdie
64%
Oostenrijk
64%
Panama
64%
Paraguay
64%
Saudi Arabie
64%
Schotland
64%
Senegal
64%
Turkije
64%
Zuid-Afrika
64%
Zuid-Korea
64%
Zwitserland
64%
Tsjechie
55%
Ivoorkust
45%
Algerije
36%
Haiti
36%
Kroatie
36%
Oezbekistan
36%
Jordanie
27%
Qatar
27%
Geen overeenkomende quizzen gevonden
Scoreverdeling
Procent van Mensen met Elke Score
Percentiel versus Aantal Correcte Antwoorden
Uw Scoregeschiedenis
U heeft deze quiz nog niet genomen sinds de laatste reset